NLSUI OPAC header image

An historical : Introduction to modern civil law (Record no. 16351)

MARC details
000 -LEADER
fixed length control field 01183nam a2200217Ia 4500
003 - CONTROL NUMBER IDENTIFIER
control field OSt
005 - DATE AND TIME OF LATEST TRANSACTION
control field 20210827155350.0
008 - FIXED-LENGTH DATA ELEMENTS--GENERAL INFORMATION
fixed length control field 160316s1999 xxu||||| |||| 00| 0 eng d
020 ## - INTERNATIONAL STANDARD BOOK NUMBER
International Standard Book Number 9781855218512
040 ## - CATALOGING SOURCE
Transcribing agency n
082 ## - DEWEY DECIMAL CLASSIFICATION NUMBER
Classification number 340.560000
Item number WAT
100 ## - MAIN ENTRY--PERSONAL NAME
Personal name Watkin Thomas Glyn
245 ## - TITLE STATEMENT
Title An historical : Introduction to modern civil law
260 ## - PUBLICATION, DISTRIBUTION, ETC.
Place of publication, distribution, etc. England
Name of publisher, distributor, etc. Ashgate Publishing Co, Ltd.
Date of publication, distribution, etc. 1999
300 ## - PHYSICAL DESCRIPTION
Extent 498p
Dimensions vii
365 ## - TRADE PRICE
Price amount Rs.2,053.20
505 ## - FORMATTED CONTENTS NOTE
Formatted contents note Table of contents<br/>Part 1 Sources and influences: the Roman republic; <br/>the Principate; the Dominate; the Dark Ages; <br/>the rebirth of civil law; <br/>humanism and the age of reason; <br/>codification; <br/>an historical overview of modern civil law;<br/>Part 2 Private law: the law of persons and the family; <br/>family property and succession;<br/>the law of property; <br/>the law of obligations; <br/>the law of actions;<br/>Part 3 Public law: the concept and functions of the state; <br/>the law of civil procedure; <br/>criminal justice; <br/>administrative justice; <br/>the legal profession;<br/>Conclusion - the future of civil law.
650 ## - SUBJECT ADDED ENTRY--TOPICAL TERM
Topical term or geographic name entry element 1. Civil Law - History2. Civil Law - Legal System - History
700 ## - ADDED ENTRY--PERSONAL NAME
Personal name
--
942 ## - ADDED ENTRY ELEMENTS (KOHA)
Source of classification or shelving scheme Dewey Decimal Classification
Koha item type BOOKs
Holdings
Withdrawn status Lost status Damaged status Not for loan Home library Current library Shelving location Date acquired Cost, normal purchase price Total Checkouts Full call number Barcode Date last seen Price effective from Koha item type
        NLS NLS   30/05/2017 2053.20   340.56 WAT 16247 30/05/2017 30/05/2017 BOOKs